|
|
|
|
| LEADER |
00000nam a22000007a 4500 |
| 005 |
20220412213226.0 |
| 007 |
cr|||| |||| |
| 008 |
220412c20169999it fr|w s|||| 0|||b1eng d |
| 022 |
|
|
|a 2531-6133
|
| 035 |
|
|
|a 33123
|
| 040 |
|
|
|a vLex
|
| 090 |
|
|
|c 13171
|d 13171
|
| 245 |
0 |
0 |
|a University of Bologna Law Review
|h [Recurso electrn̤ico] /
|
| 256 |
|
|
|a Servicio en ln̕ea
|
| 300 |
|
|
|a 1 recurso electrn̤ico
|
| 310 |
|
|
|a Semestral
|
| 362 |
|
|
|a Nð 1-1 (Ene. 2016) -
|
| 506 |
1 |
|
|a Disponible solo en los productos indicados
|d vLex Global
|d vLex Global (Academic Edition, excluding Law Schools)
|d vLex Global (U.S. Academic Edition, Law Schools)
|d vLex Global (U.S. Academic Edition, excluding Law Schools)
|d vLex Global (Academic Edition, Law Schools)
|
| 650 |
0 |
4 |
|a Derecho Civil
|z Italia
|
| 650 |
0 |
4 |
|a Derecho Laboral y Seguridad Social
|z Italia
|
| 650 |
0 |
4 |
|a Derecho Penal
|z Italia
|
| 650 |
0 |
4 |
|a Derecho Comunitario
|z Italia
|
| 650 |
0 |
4 |
|a Derecho del Medio Ambiente
|z Italia
|
| 650 |
0 |
4 |
|a Derecho Constitucional
|z Italia
|
| 650 |
0 |
4 |
|a Derecho Internacional
|z Italia
|
| 650 |
0 |
4 |
|a Economa̕ y negocios
|z Italia
|
| 740 |
0 |
|
|a vLex Revistas (Servicio en ln̕ea)
|
| 856 |
4 |
0 |
|u https://app.vlex.com/#/sources/33123
|z Acceso restringido
|
| 942 |
|
|
|c REV
|
| 999 |
|
|
|a Civil Law
|
| 999 |
|
|
|a Labor Law and Social Security
|
| 999 |
|
|
|a Criminal Law
|
| 999 |
|
|
|a Community Law
|
| 999 |
|
|
|a Environmental Law
|
| 999 |
|
|
|a Constitutional Law
|
| 999 |
|
|
|a International Law
|
| 999 |
|
|
|a Economy and business
|